000 00946nam a2200217Ii 4500
003 JO-AjNU
008 230605s9999||||xx |||||||||||||| ||und||
017 _a2006/2/368
040 _aJO-AjNU
_bara
_erda
_cJO-AjNU
041 _aara
050 1 4 _aBP183.3.R325 2006
100 3 _aتالسف ردايدة، أحمد حسن شحادة,
_eauthor
_956933
245 0 0 _aشرح بعض الصلوات والمدائح التي نظمت بحق سيدنا محمد صلى الله عليه وسلم والترغيب والحث من الإكثار من الصلاة عليه وشفاعته صلى الله عليه وسلم والبشائر ببعثته وأفضليته على المخلوقات كافة
250 _aط1
264 3 1 _aاربد: المؤلف، 2006
300 _a350ص
336 _atext
_btxt
_2rdacontent
337 _aunmediated
_bn
_2rdamedia
338 _avolume
_bnc
_2rdacarrier
650 4 _aثقافة اسلامية
_956934
999 _aA25483
_c29051
_d29051